000
00336pam a2200145a 44500
008
230405s2023 xxu||||| |||| 00| 0 eng d
041
_a
ENG
100
_a
Paras Diwan
245
_a
Family Law
250
_a
2022 Ed.
260
_a
Allahabad
_b
Allahabad Law Agency
_c
2023
300
_a
1-617p.
650
_a
FAMILY LAW
906
_a
3782
999
_c
274756
_d
274756